Devinez l'État Américain Mystère #37 - Statistiques

Statistiques générales
  • Ce quiz a été pris 154 fois
  • Le résultat moyen est 29 sur 34
Statistiques - réponses
Type de Réponse Réponse % Correct
Lettre de l'Alphabet A
100%
Lettre Trouvée E
100%
Lettre de l'Alphabet I
100%
Lettre Trouvée N
100%
Lettre Trouvée O
100%
Lettre Trouvée R
98%
Lettre de l'Alphabet L
97%
Lettre de l'Alphabet S
97%
Lettre de l'Alphabet G
96%
Lettre Trouvée T
95%
Lettre de l'Alphabet W
94%
Lettre de l'Alphabet D
93%
Lettre de l'Alphabet H
92%
Lettre de l'Alphabet K
92%
Lettre de l'Alphabet C
91%
Lettre Trouvée M
91%
Lettre Bien Placée N
87%
Lettre de l'Alphabet U
86%
Lettre de l'Alphabet Y
86%
Lettre de l'Alphabet F
82%
Lettre de l'Alphabet B
79%
Lettre de l'Alphabet X
79%
Lettre de l'Alphabet P
77%
Lettre Trouvée V
75%
Lettre Bien Placée O
74%
Lettre de l'Alphabet Z
74%
Lettre Bien Placée E
68%
Lettre de l'Alphabet J
68%
Lettre de l'Alphabet Q
67%
Lettre Bien Placée M
66%
Lettre Bien Placée R
66%
Lettre Bien Placée T
66%
Lettre Bien Placée V
66%
État Mystère Vermont
66%
Aucun quiz correspondant
Distribution des résultats
% des personnes avec chaque résultat
Percentile par nombre de réponses
Votre historique - résultats
Vous n’avez pas pris ce quiz